|
|
|
|
| LEADER |
00000nam a22000007a 4500 |
| 005 |
20221025014859.0 |
| 007 |
cr|||| |||| |
| 008 |
221025s2022 co |||||s|||| 00||0 spa d |
| 020 |
|
|
|a 978-958-798-125-4
|
| 035 |
|
|
|a 37407
|
| 040 |
|
|
|a vLex
|
| 090 |
|
|
|c 14047
|d 14047
|
| 100 |
1 |
|
|a Sanabria Pulido, Pedro Pablo
|
| 245 |
1 |
2 |
|a El anl̀isis de las polt̕icas pb︢licas en Colombia
|h [Recurso electrn̤ico] /
|c Pedro Pablo Sanabria Pulido
|
| 256 |
|
|
|a Servicio en ln̕ea
|
| 260 |
|
|
|a Bogot:̀
|b Universidad de Los Andes (Colombia),
|c 2022
|
| 300 |
|
|
|a 1 recurso electrn̤ico
|
| 506 |
1 |
|
|a Disponible solo en los productos indicados
|d vLex Global
|d vLex Global (Academic Edition, excluding Law Schools)
|d vLex Global (U.S. Academic Edition, Law Schools)
|d vLex Global (U.S. Academic Edition, excluding Law Schools)
|d vLex Global (Academic Edition, Law Schools)
|
| 650 |
0 |
4 |
|a Derecho Pb︢lico y Administrativo
|z Colombia
|
| 740 |
0 |
|
|a vLex Libros (Servicio en ln̕ea)
|
| 856 |
4 |
0 |
|u https://app.vlex.com/#/sources/37407
|z Acceso restringido
|
| 942 |
|
|
|c BOOK
|
| 999 |
0 |
|
|a Public and Administrative Law
|